General microbiology (Record no. 22713)

MARC details
000 -LEADER
fixed length control field 00466nam a2200193Ia 4500
082 ## - DEWEY DECIMAL CLASSIFICATION NUMBER
Classification number 579
Item number STA
100 ## - MAIN ENTRY--AUTHOR NAME
Personal name STANIER, Roger Y
245 #0 - TITLE STATEMENT
Title General microbiology
250 ## - EDITION STATEMENT
Edition statement Ed.3
260 ## - PUBLICATION, DISTRIBUTION, ETC. (IMPRINT)
Place of publication New Delhi
Name of publisher Macmillan
Year of publication 1974
650 ## - SUBJECT ADDED ENTRY--TOPICAL TERM
Topical Term Bacteria
650 ## - SUBJECT ADDED ENTRY--TOPICAL TERM
Topical Term Genetic recombination
650 ## - SUBJECT ADDED ENTRY--TOPICAL TERM
Topical Term Microbial metabolism
650 ## - SUBJECT ADDED ENTRY--TOPICAL TERM
Topical Term Microbiology
650 ## - SUBJECT ADDED ENTRY--TOPICAL TERM
Topical Term Mutation
650 ## - SUBJECT ADDED ENTRY--TOPICAL TERM
Topical Term Symbiosis
942 ## - ADDED ENTRY ELEMENTS (KOHA)
Koha item type Books
Holdings
Withdrawn status Lost status Damaged status Not for loan Home library Current library Date acquired Full call number Accession Number Koha item type
        RRII Library RRII Library 16/12/2021 579 STA 03433 Books